Russian States of America Quiz Stats

Quiz Updated Apr 14, 2016

Challenge
Share
Tweet
Embed
Score 0/50 Timer 09:00
1 Play Today
Russian English % Correct
ТехасTexas
91.2%
МонтанаMontana
87.7%
Северная ДакотаNorth Dakota
86.2%
Южная ДакотаSouth Dakota
85.9%
Нью-МексикоNew Mexico
85.2%
ОклахомаOklahoma
84.1%
МиннесотаMinnesota
83.3%
АлабамаAlabama
83%
Южная КаролинаSouth Carolina
82.1%
Северная КаролинаNorth Carolina
81.8%
КанзасKansas
81%
ТеннессиTennessee
81%
АляскаAlaska
80.3%
Нью-ЙоркNew York
80.3%
ОгайоOhio
78.1%
КентуккиKentucky
77.9%
ОрегонOregon
77.7%
Нью-ДжерсиNew Jersey
76%
МэнMaine
75.7%
МассачусетсMassachusetts
74.7%
Нью-ГэмпширNew Hampshire
74.6%
АрканзасArkansas
74.3%
КоннектикутConnecticut
73.3%
ВермонтVermont
71.6%
АризонаArizona
68.4%
Russian English % Correct
МиссисипиMississippi
66.2%
КалифорнияCalifornia
64.6%
КолорадоColorado
64.1%
Западная ВиргинияWest Virginia
63.6%
ЮтаUtah
61.5%
ВиргинияVirginia
60.8%
МиссуриMissouri
60.3%
НебраскаNebraska
57.4%
МичиганMichigan
55.7%
Pод-АйлендRhode Island
55.5%
НевадаNevada
55.2%
МэрилендMaryland
53.8%
ВашингтонWashington
50.9%
ПенсильванияPennsylvania
50.4%
ДелавэрDelaware
50.2%
ФлоридаFlorida
49.8%
ИндианаIndiana
49.6%
АйоваIowa
49%
ИллинойсIllinois
47.7%
ВисконсинWisconsin
46.7%
ГавайиHawaii
46%
АйдахоIdaho
44.2%
ВайомингWyoming
43.8%
ЛуизианаLouisiana
43.7%
ДжорджияGeorgia
41%

You're not logged in!

Compare scores with friends on all Sporcle quizzes.
Join for Free
OR
Log In

You Might Also Like...

Show Comments

Extras

Top Quizzes Today


Score Distribution

Your Account Isn't Verified!

In order to create a playlist on Sporcle, you need to verify the email address you used during registration. Go to your Sporcle Settings to finish the process.

Report this User

Report this user for behavior that violates our Community Guidelines.

Details: